000 00484nam a2200145 a 4500
001 000032376
005 20200930065617.0
008 110714s1915 dr 000 0 spa d
040 _aDO-SdBNP
_bspa
_cBNPHU
082 _axxxx
_bM533c
245 0 0 _aMemoria que al ciudadano presidente de la república presenta el ciudadano secretario de estado de Agricultura é Inmigración.
260 _aSanto Domingo :
_bImprenta Montalvo,Hos,
_c1915.
300 _a24 p. ;
_c28 cm.
049 _aBNPD
999 _c31867
_d31867